000 00652nam a2200241Ia 4500
003 OSt
005 20220918221624.0
006 a|||||r|||| 00| 0
007 ta
008 220917b |||||||| |||| 00| 0 eng d
024 _a202,228
037 _cTextual
040 _aARTS
_cARTS
_beng
041 _2eng
_aeng
082 _aR66, N3
100 _aSharma Arvind
_911931
245 0 _aExperiential dimension of Advaita vedanta
260 _aDelhi
_bMotilal banarsidass India
_c1993
300 _axiv, 116p.
_ccm.
650 _aADVAITA PHILOSOPHY
_9790
942 _hR66, N3
_cTEXL
_2CC
999 _c273126
_d273126